La historia en su lugar : (Record no. 196878)

MARC details
000 -LEADER
campo de control de longitud fija 03532nam a2200517 i 4500
001 - NÚMERO DE CONTROL
campo de control 196878
003 - IDENTIFICADOR DE NÚMERO DE CONTROL
campo de control ES-MaACL
005 - FECHA Y HORA DE LA ÚLTIMA TRANSACCIÓN
campo de control 20250825062708.0
008 - DATOS DE LONGITUD FIJA--INFORMACIÓN GENERAL
campo de control de longitud fija 241220m20132003sp a | |||| 000 0 spa
016 7# - NÚMERO DE CONTROL DE UNA AGENCIA BIBLIOGRÁFICA NACIONAL
Número de control del registro bimoBNE20030023971
Fuente SpMaBN
017 ## - NÚMERO DE COPYRIGHT O DE DEPÓSITO LEGAL
Número de copyright o de depósito legal B 23534-2011
Agencia que asigna Oficina Depósito Legal Barcelona
020 ## - NÚMERO INTERNACIONAL ESTÁNDAR DEL LIBRO
Número Internacional Estándar del Libro 9788408465867
Información calificativa Obra completa
035 ## - NÚMERO DE CONTROL DEL SISTEMA
Número de control de sistema (OCoLC)52046674
035 ## - NÚMERO DE CONTROL DEL SISTEMA
Número de control de sistema (SpMaBN)bimo0001829901
040 ## - FUENTE DE CATALOGACIÓN
Centro catalogador/agencia de origen SpMaBN
Lengua de catalogación spa
Centro/agencia transcriptor SpMaBN
Normas de descripción rdc
080 ## - NÚMERO DE LA CLASIFICACIÓN DECIMAL UNIVERSAL
Número de la Clasificación Decimal Universal 94(460)
245 13 - MENCIÓN DEL TÍTULO
Título La historia en su lugar :
Resto del título nueva historia de España /
Mención de responsabilidad, etc. [dirigida por Fernando García de Cortázar y Ruiz de Aguirre]
246 30 - FORMA VARIANTE DEL TITULO
Título propio/Titulo breve Nueva historia de España
250 ## - MENCION DE EDICION
Mención de edición Edición: 2013
260 ## - PUBLICACIÓN, DISTRIBUCIÓN, ETC.
Lugar de publicación, distribución, etc. [Barcelona] :
Nombre del editor, distribuidor, etc. Planeta,
Fecha de publicación, distribución, etc. 2011.
264 ## - PRODUCCIÓN, PUBLICACIÓN, DISTRIBUCIÓN, FABRICACIÓN Y COPYRIGHT
Fecha de producción, publicación, distribución, fabricación o copyright ©2013.
300 ## - DESCRIPCIÓN FÍSICA
Extensión 10 volumenes
Otras características físicas ilustrado a color y blanco y negro ;
Dimensiones 32 cm.
336 ## - TIPO DE CONTENIDO
Fuente rdacontent
Término de tipo de contenido texto
337 ## - TIPO DE MEDIO
Fuente rdamedia
Nombre/término del tipo de medio sin mediación
338 ## - TIPO DE SOPORTE
Fuente rdacarrier
Nombre/término del tipo de soporte volumen
500 ## - NOTA GENERAL
Nota general Volúmenes 7 y 8 de la segunda edición.
505 0# - NOTA DE CONTENIDO CON FORMATO
Nota de contenido con formato 1. Los albores de la historia (desde los orígenes hasta el siglo III a.C.) (420 p.) -- 2. La Hispania romana y visigoda (siglos III a.C-VII d.C) (420 p.) -- 3. Al-Ándalus y los reinos cristianos (siglos VIII-XIII) (420 p.) -- 4. De la crisis medieval a los Reyes Católicos (siglos XIV-XV) (420 p.) -- 5. El esplendor del imperio (siglo XVI) (420 p.) -- 6. El fin de la hegemonía hispánica (siglo XVII) (420 p.) -- 7. La España de los Borbones (siglo XVIII) (420 p.) -- 8. La construcción del estado liberal (1808-1874) (420 p.) -- 9. De la restauración a la segunda república (1874-1936) (420 p.) -- 10. De la guerra civil al siglo XXI (desde 1936 hasta hoy) (440 p.)
651 #4 - PUNTO DE ACCESO ADICIONAL DE MATERIA--NOMBRE GEOGRÁFICO
Nombre geográfico España-
Subdivisión general Historia
Fuente del encabezamiento o término embne
9 (RLIN) 8209
655 #7 - TERMINO DE INDIZACIÓN--GENERO/FORMA
Fuente del término tgfbne
Datos o término principal de género/forma Libros ilustrados
9 (RLIN) 193653
700 1# - ENTRADA AGREGADA--NOMBRE PERSONAL
Nombre de persona García de Cortázar, Fernando,
Fechas asociadas al nombre 1942-2022
9 (RLIN) 238039
Término indicativo de función/relación Director
852 ## - LOCALIZACIÓN
Ubicación ES-MaACL
Ubicación en estantería Depósito J
Número de control de estantería N-10334
Donativo/Legado Donación: Fernando Codina Rodríguez
Designación de la unidad física Vol. 1
Encuadernación Encuadernación cartoné con sobrecubiertas
itemnumber 204545
852 ## - LOCALIZACIÓN
Ubicación ES-MaACL
Ubicación en estantería Depósito J
Número de control de estantería N-10335
Donativo/Legado Donación: Fernando Codina Rodríguez
Designación de la unidad física Vol. 2
Encuadernación Encuadernación cartoné con sobrecubiertas
itemnumber 206458
852 ## - LOCALIZACIÓN
Ubicación ES-MaACL
Ubicación en estantería Depósito J
Número de control de estantería N-10336
Donativo/Legado Donación: Fernando Codina Rodríguez
Designación de la unidad física Vol. 3
Encuadernación Encuadernación cartoné con sobrecubiertas
itemnumber 206459
852 ## - LOCALIZACIÓN
Ubicación ES-MaACL
Ubicación en estantería Depósito J
Número de control de estantería N-10337
Donativo/Legado Donación: Fernando Codina Rodríguez
Designación de la unidad física Vol. 4
Encuadernación Encuadernación cartoné con sobrecubiertas
itemnumber 206460
852 ## - LOCALIZACIÓN
Ubicación ES-MaACL
Ubicación en estantería Depósito J
Número de control de estantería N-10338
Donativo/Legado Donación: Fernando Codina Rodríguez
Designación de la unidad física v. 5
Encuadernación Encuadernación cartoné con sobrecubiertas
itemnumber 206461
852 ## - LOCALIZACIÓN
Ubicación ES-MaACL
Ubicación en estantería Depósito J
Número de control de estantería N-10339
Donativo/Legado Donación: Fernando Codina Rodríguez
Designación de la unidad física Vol. 6
Encuadernación Encuadernación cartoné con sobrecubiertas
itemnumber 206462
852 ## - LOCALIZACIÓN
Ubicación ES-MaACL
Ubicación en estantería Depósito J
Número de control de estantería N-10340
Donativo/Legado Donación: Fernando Codina Rodríguez
Designación de la unidad física Vol. 7
Encuadernación Encuadernación cartoné con sobrecubiertas
itemnumber 206463
852 ## - LOCALIZACIÓN
Ubicación ES-MaACL
Ubicación en estantería Depósito J
Número de control de estantería N-10341
Donativo/Legado Donación: Fernando Codina Rodríguez
Designación de la unidad física Vol. 9
Encuadernación Encuadernación cartoné con sobrecubiertas
itemnumber 206464
852 ## - LOCALIZACIÓN
Ubicación ES-MaACL
Ubicación en estantería Depósito J
Número de control de estantería N-10342
Donativo/Legado Donación: Fernando Codina Rodríguez
Designación de la unidad física Vol. 8
Encuadernación Encuadernación cartoné con sobrecubiertas
itemnumber 206465
852 ## - LOCALIZACIÓN
Ubicación ES-MaACL
Ubicación en estantería Depósito J
Número de control de estantería N-10343
Donativo/Legado Donación: Fernando Codina Rodríguez
Designación de la unidad física Vol. 10
Encuadernación Encuadernación cartoné con sobrecubiertas
itemnumber 206466
903 ## - NOMBRE PERSONAL DE DONANTE
a Codina Rodríguez, Fernando
e Donante
9 238631
942 ## - ELEMENTOS DE ENTRADA SECUNDARIOS (KOHA)
Tipo de ítem Koha Libro impreso
Suprimir en OPAC No
Holdings
Estatus retirado Estado de pérdida Fuente del sistema de clasificación o colocación Especificación de materiales (volumen encuadernado u otra parte) Estado de daño No para préstamo Biblioteca de origen Biblioteca actual Ubicación en estantería Fecha de adquisición Fuente de adquisición Total de préstamos Signatura topográfica completa Código de barras Visto por última vez Precio de reemplazo Tipo de ítem Koha
    Clasificación decimal universal Volumen 1     Biblioteca del Ateneo de Madrid Biblioteca del Ateneo de Madrid Depósito J 20/12/2024 Donación   N-10334 2025-0836 15/01/2025 20/12/2024 Libro impreso
    Clasificación decimal universal Volumen 2     Biblioteca del Ateneo de Madrid Biblioteca del Ateneo de Madrid Depósito J 04/08/2025 Donación   N-10335 2025-0837 04/08/2025 04/08/2025 Libro impreso
    Clasificación decimal universal Volumen 3     Biblioteca del Ateneo de Madrid Biblioteca del Ateneo de Madrid Depósito J 04/08/2025 Donación   N-10336 2025-0838 04/08/2025 04/08/2025 Libro impreso
    Clasificación decimal universal Volumen 4     Biblioteca del Ateneo de Madrid Biblioteca del Ateneo de Madrid Depósito J 04/08/2025 Donación   N-10337 2025-0839 04/08/2025 04/08/2025 Libro impreso
    Clasificación decimal universal Volumen 5     Biblioteca del Ateneo de Madrid Biblioteca del Ateneo de Madrid Depósito J 04/08/2025 Donación   N-10338 2025-0840 04/08/2025 04/08/2025 Libro impreso
    Clasificación decimal universal Volumen 6     Biblioteca del Ateneo de Madrid Biblioteca del Ateneo de Madrid Depósito J 04/08/2025 Donación   N-10339 2025-0841 04/08/2025 04/08/2025 Libro impreso
    Clasificación decimal universal Volumen 7     Biblioteca del Ateneo de Madrid Biblioteca del Ateneo de Madrid Depósito J 04/08/2025 Donación   N-10340 2025-0842 04/08/2025 04/08/2025 Libro impreso
    Clasificación decimal universal Volumen 9     Biblioteca del Ateneo de Madrid Biblioteca del Ateneo de Madrid Depósito J 04/08/2025 Donación   N-10341 2025-0843 04/08/2025 04/08/2025 Libro impreso
    Clasificación decimal universal Volumen 8     Biblioteca del Ateneo de Madrid Biblioteca del Ateneo de Madrid Depósito J 04/08/2025 Donación   N-10342 2025-0844 04/08/2025 04/08/2025 Libro impreso
    Clasificación decimal universal Volumen 10     Biblioteca del Ateneo de Madrid Biblioteca del Ateneo de Madrid Depósito J 04/08/2025 Donación   N-10343 2025-0845 04/08/2025 04/08/2025 Libro impreso